| 000 | 00557nam a22001817a 4500 | ||
|---|---|---|---|
| 005 | 20150923125253.0 | ||
| 010 | _aENG-113730 | ||
| 020 |
_a9789383945023 _c300.00 |
||
| 035 | _aEN- 97262 | ||
| 037 | _bDBAD/PUB | ||
| 082 | _a547.03 | ||
| 245 |
_aDictionary of organic chemistry / _cedited & compiled by Ananth Pai |
||
| 260 |
_aGreater Noida _bNucleus Books & Encyclopedia _c2015 |
||
| 270 |
_a2nd Floor, B-31, Packet P3 _bGreater Noida _e201308 |
||
| 300 |
_a196p. _c22cm(pbk) |
||
| 700 | _aPai, Ananth | ||
| 942 |
_2ddc _cEN _mDIC _h547.03 |
||
| 999 |
_c95333 _d95333 |
||